| 000 | 00340 a2200145 4500 | ||
|---|---|---|---|
| 001 | 90493 | ||
| 020 | _a9789695621295 | ||
| 082 | _a869.3 COE | ||
| 090 |
_c42827 _d42827 |
||
| 100 | _aCoelho, Paulo | ||
| 245 |
_aThe Alchemist _cPaulo Coelho |
||
| 260 |
_aLaondon _bHarper Collins _c1992 |
||
| 300 | _ax, 177p. | ||
| 500 | _aGeneral Books | ||
| 942 |
_aCAE NUST _k869.3 COE |
||
| 999 |
_c325566 _d325566 |
||